Monogram.

Saved in:
Bibliographic Details
Format: Journal
Language:English
Published: [London : Monogram Publications, 1971-
Subjects:
LEADER 01006nas a2200289 a 4500
001 c000151358
003 CARM
005 20020205155206.0
008 841030d19711978enk x p 0uuua0eng d
010 |a sn 90040374 
019 1 |a 4422900  |5 LACONCORD2021 
035 |a (OCoLC)4419203  |5 LACONCORD2021 
042 |a lcd 
130 0 |a Monogram (London) 
245 0 0 |a Monogram. 
260 0 0 |a [London :  |b Monogram Publications,  |c 1971- 
300 |a 8 v. :  |b ill. ;  |c 30 cm. 
310 |a Irregular 
362 0 |a No. 1 (Apr. 1971)- 
362 1 |a Ceased with no. 8 in 1978. 
500 |a Publisher: Brighton film review, summer 1971. 
650 0 |a Motion pictures  |x Periodicals. 
852 8 |b CARM  |h A2:AH06C0  |i D02030  |p 0096425  |f SE 
866 0 |a 1(1971:04)-6(1975:10) 
866 0 |a 1(1971:04)-6(1975:10) 
999 f f |i 7b1ae23a-1639-51c9-b319-29a8c2841f80  |s 283ffaf2-9057-542a-8de3-5174dedfa02c 
952 f f |p Can circulate  |a CAVAL  |b CAVAL  |c CAVAL  |d CARM 1 Store  |e D02030  |f A2:AH06C0  |h Other scheme  |i book  |k  1(1971:04)-6(1975:10)  |m 0096425